Dans quelle préfecture a été prise cette photo ? 1 - Statistiques

Statistiques générales
  • Ce quiz a été pris 48 fois
  • Le résultat moyen est 30 sur 51
Statistiques - réponses
Par images Hint Réponse % Correct
N Nice
100%
M Marseille
93%
T Toulouse
93%
N Nîmes
91%
O Orléans
91%
A Angers
86%
C Carcassonne
84%
L La Rochelle
84%
Q Quimper
81%
B Bordeaux
72%
B Bastia
70%
C Chartres
70%
C Châteauroux
65%
D Dijon
65%
A Ajaccio
60%
C Charleville-Mézières
60%
F Foix
60%
N Nantes
60%
T Tours
60%
V Valence
60%
R Rodez
58%
C Cahors
56%
E Evreux
56%
L Laon
56%
L Le Puy-en-Velay
56%
M Montpellier
56%
R Rennes
56%
B Bourges
53%
P Privas
53%
A Aurillac
51%
D Digne-les-Bains
51%
G Guéret
51%
M Mende
51%
M Mont-de-Marsan
51%
A Auch
49%
B Blois
49%
P Périgueux
49%
A Agen
47%
G Grenoble
47%
M Moulins
47%
G Gap
44%
A Angoulême
42%
B Besançon
42%
T Tulle
42%
C Caen
40%
B Bourg-en-Bresse
37%
T Troyes
37%
L Lons-le-Saunier
35%
S Saint-Brieuc
35%
S Saint-Etienne
35%
S Saint-Lô
35%
Aucun quiz correspondant
Distribution des résultats
% des personnes avec chaque résultat
Percentile par nombre de réponses
Votre historique - résultats
Vous n’avez pas pris ce quiz